The foundation & growth of the British empire / (Record no. 552757)
[ view plain ]
| 000 -LEADER | |
|---|---|
| fixed length control field | 00459cam a22001451 4500 |
| 082 ## - DEWEY DECIMAL CLASSIFICATION NUMBER | |
| Classification number | 941 |
| Author Mark | WIL |
| -- | D |
| 100 1# - MAIN ENTRY--PERSONAL NAME | |
| Personal name | Williamson, James Alexander, |
| 9 (RLIN) | 50024 |
| 245 14 - TITLE STATEMENT | |
| Title | The foundation & growth of the British empire / |
| Statement of responsibility, etc. | James A. Williamson. |
| 250 ## - EDITION STATEMENT | |
| Edition statement | 5th ed., rev. |
| 260 ## - PUBLICATION, DISTRIBUTION, ETC. | |
| Place of publication, distribution, etc. | London, New York: |
| Name of publisher, distributor, etc. | Macmillan, |
| Date of publication, distribution, etc. | 1960 [c1953] |
| 300 ## - PHYSICAL DESCRIPTION | |
| Extent | xii, 370 p. : |
| Other physical details | illus. ; |
| Dimensions | 18 cm. |
| 526 ## - STUDY PROGRAM INFORMATION NOTE | |
| Program name | 0 |
| Interest level | 0 |
| Reading level | 0 |
| Title point value | 941_000000000000000_WIL |
| 650 ## - SUBJECT ADDED ENTRY--TOPICAL TERM | |
| Topical term or geographic name entry element | MCE |
| 9 (RLIN) | 379 |
| 942 ## - ADDED ENTRY ELEMENTS (KOHA) | |
| Source of classification or shelving scheme | |
| Koha item type | Book |
| Withdrawn status | Lost status | Source of classification or shelving scheme | Damaged status | Not for loan | Permanent Location | Current Location | Shelving location | Date acquired | Total Checkouts | Full call number | Barcode | Date last seen | Price effective from | Koha item type |
|---|---|---|---|---|---|---|---|---|---|---|---|---|---|---|
| Military College of Engineering (MCE) | Military College of Engineering (MCE) | 01/22/2015 | 941 WIL | MCE-ECF/23 | 01/22/2015 | 01/22/2015 | Book |
